| 000 | 00378nam a22001577a 4500 | ||
|---|---|---|---|
| 005 | 20171204145647.0 | ||
| 008 | 171204b xxu||||| |||| 00| 0 eng d | ||
| 041 | _aeng | ||
| 082 | _a622.334 | ||
| 100 |
_aMATHUR, S.P. _93996 |
||
| 245 |
_aCOAL MINING IN INDIA _cS.P. MATHUR |
||
| 250 | _a2ND ED. 2008 | ||
| 260 |
_aBILASPUR _bSAHYOG PRAKASHAN |
||
| 300 | _a426p. | ||
| 942 | _cBK | ||
| 999 |
_c5644 _d5642 |
||